00357nam a2200133Ia 4500008004100000041000800041082001400049100001700063245004500080250001400125260004500139300003200184365000700216240624s9999 xx 000 0 und d aeng a338.5 VAR aVARIAN HAL R aINTERMEDIATE MICROECONOMICS A MODERN APP a(7th ed.) c2006aNew DelhibEast-West Press Pvt Ltd axxiv, : 715 : p. : cm. ; 22 cRS